ბათუმის შოთა რუსთაველის სახელმწიფო უნივერსიტეტის ბიბლიოთეკა

საქართველოს სისხლის სამართლის საპროცესო კოდექსი:გამოცემულია 2017 წლის 13თებერვლის მდგომარეობით. (ბიბ.ჩანაწერი № 53881)

000 -LEADER
fixed length control field 00869nam a2200145Ia 4500
001 - CONTROL NUMBER
control field 20932
003 - CONTROL NUMBER IDENTIFIER
control field GE_BSU
008 - FIXED-LENGTH DATA ELEMENTS--GENERAL INFORMATION
fixed length control field 181216s||||||||xx |||||||||||||| ||und||
040 ## - CATALOGING SOURCE
Transcribing agency GE_BSU
245 ## - TITLE STATEMENT
Title საქართველოს სისხლის სამართლის საპროცესო კოდექსი:გამოცემულია 2017 წლის 13თებერვლის მდგომარეობით.
245 ## - TITLE STATEMENT
Remainder of title ანბანურ-საგნობრივი საძიებლით.
653 ## - INDEX TERM--UNCONTROLLED
Uncontrolled term სამართალი
653 ## - INDEX TERM--UNCONTROLLED
Uncontrolled term საქართველოს სისხლის სამართლის საპროცესო კოდექსი:გამოცემულია 2017 წლის 13თებერვლის მდგომარეობით.
942 ## - ADDED ENTRY ELEMENTS (KOHA)
Koha item type წიგნი

არაა ხელმისაწვდომი ეგზემპლარები.